Alle "James Bond" & "Bondgirl" - Darsteller/-innen - Statistiken

Allgemein
  • Dieses Quiz wurde 91 mal gespielt
  • Das Durchschnittsergebnis liegt bei 30 aus 91
Antwortstatistiken
Film (Kurzwort) Figur Darsteller % Korrekt
Casino James Bond Daniel Craig
90%
No Time to 💀 James Bond Daniel Craig
90%
Quantum James Bond Daniel Craig
90%
Skyfall James Bond Daniel Craig
90%
Spectre James Bond Daniel Craig
90%
Diamanten 💎 James Bond Sean Connery
85%
Dr. No James Bond Sean Connery
85%
Feuerball 🔥 James Bond Sean Connery
85%
Goldfinger 🖐️ James Bond Sean Connery
85%
Live Twice James Bond Sean Connery
85%
Moskau James Bond Sean Connery
85%
Niemals nie James Bond Sean Connery
85%
Der Spion 🕵️ James Bond Roger Moore
84%
Golden Gun 🔫 James Bond Roger Moore
84%
Im Angesicht James Bond Roger Moore
84%
Let Die 💀 James Bond Roger Moore
84%
Moonraker 🌜 James Bond Roger Moore
84%
Octopussy 🦑 James Bond Roger Moore
84%
💀 Mission James Bond Roger Moore
84%
Der Morgen James Bond Pierce Brosnan
81%
Die Welt 🌏 James Bond Pierce Brosnan
81%
Golden Eye 👁‍🗨 James Bond Pierce Brosnan
81%
💀 Another Day James Bond Pierce Brosnan
81%
Hauch des 💀 James Bond Timothy Dalton
60%
Lizenz James Bond Timothy Dalton
60%
Secret Service James Bond George Lazenby
56%
Casino Le Chiffre Mads Mikkelsen
44%
No Time to 💀 Ernst Stavro Blofeld Christoph Waltz
43%
Spectre Franz Oberhauser Christoph Waltz
43%
💀 Another Day Jinx Johnson Halle Berry
41%
Casino Vesper Lind Eva Green
40%
Dr. No Honey Ryder Ursula Andress
38%
Goldfinger 🖐️ Goldfinger Gert Fröbe
37%
Golden Gun 🔫 Scaramanga Christopher Lee
28%
No Time to 💀 Dr. Madeleine Swann Léa Seydoux
26%
Spectre Dr. Madeleine Swann Léa Seydoux
26%
Die Welt 🌏 Electra King Sophie Marceau
26%
Der Spion 🕵️ Stromberg Curd Jürgens
25%
Diamanten 💎 Tiffany Jill St. John
24%
Der Spion 🕵️ Der Beißer Richard Kiel
24%
Golden Eye 👁‍🗨 Agent 006 (Alec T.) Sean Bean
21%
Der Spion 🕵️ Major Amasova Barbara Bach
18%
Im Angesicht Max Zorin Christopher Walken
18%
Die Welt 🌏 Dr. Jones Denise Richards
18%
Der Morgen Wai Lin Michelle Yeoh
18%
Im Angesicht May Day Grace Jones
16%
Skyfall Raoul Silva Javier Bardem
16%
No Time to 💀 Safin Rami Malek
13%
Diamanten 💎 Ernst Blofeld Charles Gray
12%
Goldfinger 🖐️ Pussy Galore Honor Blackman
12%
Quantum Camille Olga Kurylenko
12%
Golden Eye 👁‍🗨 Xenia Famke Janssen
10%
Live Twice Helga Karin Dor
10%
Niemals nie Largo Klaus Maria Brandauer
10%
Der Morgen Elliot Carver Jonathan Pryce
9%
Dr. No Dr. No Joseph Wiseman
9%
Niemals nie Domino Kim Basinger
9%
Octopussy 🦑 Octopussy Maud Adams
9%
Feuerball 🔥 Emilio Largo Adolfo Celi
7%
Secret Service Tracy di Vincenco Diana Rigg
7%
Live Twice Blofeld Donald Pleasencs
7%
Let Die 💀 Solitaire Jane Seymour
7%
Secret Service Blofeld Telly Savalas
7%
Golden Gun 🔫 Mary Goodnight Britt Ekland
6%
Moonraker 🌜 Dr. Holly Goodhead Lois Chiles
6%
Quantum Dominic Greene Mathieu Amalric
6%
Lizenz Sanchez Robert Davi
6%
💀 Another Day Gustav Graves Toby Stephens
6%
Let Die 💀 Dr. Kananga /Mr. Big Yaphett Kotto
6%
Feuerball 🔥 Domino Claudine Auger
4%
Golden Eye 👁‍🗨 Natalya Izabella Scorupko
4%
Moonraker 🌜 Drax Michael Londsdale
4%
Im Angesicht Stacey Sutton Tanya Roberts
4%
Skyfall Sévérine Bérénice Marlohe
3%
💀 Mission Melina Havelock Carole Bouquet
3%
Der Spion 🕵️ Naomi Caroline Munro
3%
Moskau Tatiana Romanova Daniela Bianchi
3%
Hauch des 💀 General Koskov Jeroen Krabbé
3%
Octopussy 🦑 Kamal Khan Louis Jourdon
3%
Hauch des 💀 Kara Milovy Maryam d'Abo
3%
Live Twice Aki Akiko Wakabayashi
1%
Moskau Ali Bey Pedro Armendariz
1%
Die Welt 🌏 Viktor Zokas Robert Carlyle
1%
💀 Mission Columbo Topol
1%
Quantum Elvis A. Taubmann
0%
Lizenz Pam Bouvier Carey Lowell
0%
💀 Mission Gräfin Lisl von Schlaf Cassandra Harris
0%
Moonraker 🌜 Corinne Corinne
0%
💀 Mission Kristatos Julian Glover
0%
Octopussy 🦑 Magda Kristina Wayborn
0%
Niemals nie Ernst Blofeld Max von Sydow
0%
Keine übereinstimmenden Quizze gefunden
Verteilung der Resultate
Anzahl Personen mit jedem Resultat
Perzentil nach korrekt beantworteten Fragen
Ihre Resultats-Entwicklung
Sie haben dieses Quiz noch nicht gespielt